00429pab a2200133 454500008004000000100002200040245011800062260000900180300001400189362000800203650002400211650001200235773004800247180718b2007 xxu||||| |||| 00| 0 eng d aBrueckner, Martin aThe Western Australian Regional Forest Agreement: economic rationalism and the normalisation of political closure c2007 ap.148-58. aJun aForests - Australia aForests aAustralian Journal of Public Administration